000 01135nac a22003737a 4500
001 BR8602102
003 BR-BrBNA
005 20240105120412.0
008 230509b bl.|||m| |||| 00| 0 por d
040 _aBR-BrBNA
_bpor
_cBiblioteca Nacional de Agricultura
072 _aL02; F01
090 _a1910 BR8602102
100 1 _aGardner, A.L.
100 1 _aAlvim, M.J.
110 1 _aCentro Nacional de Pesquisa de Gado de Leite, Coronel Pacheco, MG (Brasil)
_91775
245 1 _aManejo de pastagem
246 1 _a[Pasture management]
260 3 _aCoronel Pacheco, MG (Brasil):
_c1985.
300 _a54 p.
490 _aDocumentos - Centro Nacional de Pesquisa de Gado de Leite (Brazil)
_vno. 19
_xISSN 0101-0581
500 _a6 tables; 23 graphs; 38 ref.
650 _aPASTAGEM
650 _aFORRAGEM
650 _aMANEJO
650 _aPASTEJO
650 _aPASTEJO ROTATIVO
650 _aPASTEJO CONTINUO
650 _aFERTILIDADE DO SOLO
650 _aCONSUMO
650 _aANALISE QUALITATIVA
650 _aSUPLEMENTO ALIMENTAR
909 _a202312
_bLúcia Elande
_c55
_dLúcia Elande
942 _2AGRIS
_n0
_cMS
999 _c279253
_d279253